00443nam a2200157Ia 4500008004100000020001500041082001600056100002000072245002700092250000700119260004000126300002900166500001900195600002100214650005000235240925s9999 xx 000 0 und d a8176560359 a005.133 HOL aHolzner, Steven 0aJava 2: in record time aNA aNew Delhi:bBPB Publicationc,2000. axvii,1271p.bNAfPirated aIncludes Index aComputer Science aComputer science, information & general works